| 000 | 00507nam a2200181 i 4500 | ||
|---|---|---|---|
| 001 | 43991 | ||
| 003 | ES-MaACL | ||
| 005 | 20230906160926.0 | ||
| 007 | t| | ||
| 008 | 030320s1965 sp ||||1| spa d | ||
| 100 | 1 |
_aAltazor. _920527 |
|
| 245 | 1 | 3 |
_aLa caza en la poesía _b: (antología) / _cAltazor [seud.]. |
| 260 |
_a[S.l. : _bs.n., _c1965] ( _eMadrid : _fGráf. Aro) |
||
| 490 | 1 | _aEl mirlo blanco | |
| 830 | 0 |
_aEl mirlo blanco _9180702 |
|
| 852 |
_aES-MaACL _jC-28713 _bR.57884 |
||
| 999 |
_c43991 _d43991 |
||